| 000 | 00617cam a22002293a 4500 | ||
|---|---|---|---|
| 001 | 18849 | ||
| 003 | PGUSA | ||
| 005 | 20140828083412.0 | ||
| 008 | 060717s2006||||xxu|||||s|||||000 | eng d | ||
| 040 |
_aPGUSA _beng |
||
| 042 | _adc | ||
| 050 | 4 | _aDE | |
| 100 | 1 | _aSestier, Jules M. | |
| 245 | 1 | 0 |
_aLa piraterie dans l'antiquité _h[electronic resource] / _cJules M. Sestier |
| 260 |
_bProject Gutenberg, _c2006 |
||
| 506 | _aPublic domain in the USA. | ||
| 516 | _aElectronic text | ||
| 653 | _aPirates | ||
| 830 | 0 |
_aProject Gutenberg _v18849 |
|
| 856 | 4 | 0 | _uhttp://www.gutenberg.org/ebooks/18849 |
| 942 | _cEB | ||
| 999 |
_c248104 _d248104 |
||